Most expensive football transfers - Right-Backs - 2021-2022 Season - Statistics

General Stats
  • This quiz has been taken 14 times
  • The average score is 8 of 10
Answer Stats
Fee (M €) Nationality Left Joined Player % Correct
68,00 Morocco Inter Paris SG Achraf Hakimi
100%
58,50 England Brighton Arsenal Ben White
93%
14,00 England Atlético Madrid Newcastle Kieran Trippier
93%
25,00 Brazil Barcelona Tottenham Emerson Royal
86%
14,00 Brazil Real Betis Barcelona Emerson Royal
86%
15,00 Germany Monaco RB Leipzig Benjamin Henrichs
79%
15,00 Argentina Tottenham Villarreal Juan Foyth
79%
18,60 South Korea Bologna Arsenal Takehiro Tomiyasu
79%
14,00 Scotland Rangers Everton Nathan Patterson
57%
26,20 England Chelsea U23 Southampton Tino Livramento
57%
No matching quizzes found
Score Distribution
Percent of People with Each Score
Percentile by Number Answered
Your Score History
You have not taken this quiz